| 000 | 00340nam a2200145Ia 4500 | ||
|---|---|---|---|
| 008 | 230917s9999||||xx |||||||||||||| ||und|| | ||
| 040 |
_e158176 _aMAIN |
||
| 041 | _aEnglish | ||
| 082 | _a342 S82P | ||
| 100 | _aSathe, S P | ||
| 245 | 0 | _aPrashasi vidhi | |
| 260 |
_aAllahabad _bAllahabad Law Agency _cn.d. |
||
| 300 | _a394 p. | ||
| 942 | _cBK | ||
| 999 |
_c83942 _d83942 |
||